书目信息 |
| 题名: |
默克尔传
|
|
| 作者: | 科内柳斯 著 ;杨梦茹 译 | |
| 分册: | ||
| 出版信息: | 北京 中信出版社 2015 |
|
| 页数: | 292页 | |
| 开本: | 24cm | |
| 丛书名: | ||
| 单 册: | ||
| 中图分类: | K835.167=6 | |
| 科图分类: | ||
| 主题词: | 总理--zong li--传记--德国--现代 | |
| 电子资源: | ||
| ISBN: | 978-7-5086-4804-0 | |
| 000 | 01347nam0 2200301 450 | |
| 001 | CAL 012015009274 | |
| 005 | 20150122190709.2 | |
| 010 | @a978-7-5086-4804-0@b精装@dCNY59.00 | |
| 100 | @a20141208d2015 em y0chiy50 ea | |
| 101 | 1 | @achi@cger |
| 102 | @aCN@b110000 | |
| 105 | @ay z 000yb | |
| 106 | @ar | |
| 200 | 1 | @a默克尔传@Amo ke er zhuan@e德国总理安格拉·默克尔和她的权力世界@f(德) 斯蒂凡·柯内琉斯著@d= Angela Merkel@edie kanzlerin und ihre welt@fStefan Kornelius@g杨梦茹译@zger |
| 210 | @a北京@c中信出版社@d2015 | |
| 215 | @a292页@c@d24cm | |
| 314 | @a责任者规范汉译姓: 科内柳斯 | |
| 330 | @a作者斯蒂凡·柯内琉斯一路采访默克尔长达25年,以生动文字带领读者认识这个爱旅行、想当花式滑冰选手、私下是个冷面笑匠的德国总理默克尔。他也带领我们亲临现场,观察默克尔如何在国际舞台上与各国的政治风云人物进行政治会晤。 | |
| 500 | 10 | @aAngela Merkel : die kanzlerin und ihre welt@mChinese |
| 517 | 1 | @a德国总理安格拉·默克尔和她的权力世界@Ade guo zong li an ge la · mo ke er he ta de quan li shi jie |
| 600 | 1 | @a默克尔@Amo ke er@g(Merkel, Angela),@f1954-@x传记 |
| 606 | 0 | @a总理@Azong li@x传记@y德国@z现代 |
| 690 | @aK835.167=6@v5 | |
| 701 | 1 | @a科内柳斯@Ake nei liu si@g(Kornelius, Stefan)@4著 |
| 702 | 0 | @a杨梦茹@Ayang meng ru@4译 |
| 801 | 0 | @aCN@bMUSE@c20181206@g |
| 905 | @aBZT@dK835.167=6@e1 | |
| 906 | @dCNY59.00@n3@r1 | |
| 默克尔传:德国总理安格拉·默克尔和她的权力世界/(德) 斯蒂凡·柯内琉斯著= Angela Merkel:die kanzlerin und ihre welt/Stefan Kornelius/杨梦茹译.-北京:中信出版社,2015 |
| 292页;24cm |
| ISBN 978-7-5086-4804-0(精装):CNY59.00 |
| 作者斯蒂凡·柯内琉斯一路采访默克尔长达25年,以生动文字带领读者认识这个爱旅行、想当花式滑冰选手、私下是个冷面笑匠的德国总理默克尔。他也带领我们亲临现场,观察默克尔如何在国际舞台上与各国的政治风云人物进行政治会晤。 |
| ● |
| 相关链接 |
|
|
|
正题名:默克尔传
索取号:K835.167=6/1
 
预约/预借
| 序号 | 登录号 | 条形码 | 馆藏地/架位号 | 状态 | 备注 |
| 1 | 855085 | 2000855085 | 第二书库/ [索取号:K835.167=6/1] | 在馆 | |
| 2 | 855086 | 2000855086 | 第二书库/ [索取号:K835.167=6/1] | 在馆 | |
| 3 | 855087 | 2000855087 | 第二书库/ [索取号:K835.167=6/1] | 在馆 |